header

The Longman writer : rhetoric, reader, handbook (Record no. 257624)

MARC details
000 -LEADER
fixed length control field 00495nam a22001817a 4500
003 - CONTROL NUMBER IDENTIFIER
control field OSt
005 - DATE AND TIME OF LATEST TRANSACTION
control field 20200616134812.0
008 - FIXED-LENGTH DATA ELEMENTS--GENERAL INFORMATION
fixed length control field 190618b xxu||||| |||| 00| 0 eng d
010 ## - LIBRARY OF CONGRESS CONTROL NUMBER
LC control number 2005004403
020 ## - INTERNATIONAL STANDARD BOOK NUMBER
International Standard Book Number 0536558493
040 ## - CATALOGING SOURCE
Transcribing agency N\A
100 ## - MAIN ENTRY--PERSONAL NAME
Personal name Nadell, Judith.
245 ## - TITLE STATEMENT
Title The Longman writer : rhetoric, reader, handbook
250 ## - EDITION STATEMENT
Edition statement 6th edn.
260 ## - PUBLICATION, DISTRIBUTION, ETC. (IMPRINT)
Place of publication, distribution, etc New York c2006.
Name of publisher, distributor, etc : Pearson/Longman,
Date of publication, distribution, etc c2006
300 ## - PHYSICAL DESCRIPTION
Extent xxiv, 744 p.
Other physical details : ill. (some col.)
Dimensions ; 24 cm.
942 ## - ADDED ENTRY ELEMENTS (KOHA)
Source of classification or shelving scheme Library of Congress Classification
Koha item type Long Loan Books
Holdings
Withdrawn status Lost status Source of classification or shelving scheme Damaged status Not for loan Collection code Home library Current library Shelving location Date acquired Total Checkouts Full call number Barcode Date last seen Price effective from Koha item type
    Library of Congress Classification     Non-fiction Rongo University Library Rongo University Library General Stacks 18/06/2019   PE 1408 .N 188 2006 201615225 18/06/2019 18/06/2019 Long Loan Books

© 2026 Rongo University
Contact us: librarian | system librarian | Rongo university